<?xml version="1.0" encoding="UTF-8"?>
<record
    xmlns:xsi="http://www.w3.org/2001/XMLSchema-instance"
    xsi:schemaLocation="http://www.loc.gov/MARC21/slim http://www.loc.gov/standards/marcxml/schema/MARC21slim.xsd"
    xmlns="http://www.loc.gov/MARC21/slim">

  <leader>00430    a2200145   4500</leader>
  <controlfield tag="005">20250526143855.0</controlfield>
  <datafield tag="020" ind1=" " ind2=" ">
    <subfield code="a">978-81-261-5065-6</subfield>
  </datafield>
  <datafield tag="082" ind1=" " ind2=" ">
    <subfield code="a">658.8 GAR</subfield>
  </datafield>
  <datafield tag="100" ind1=" " ind2=" ">
    <subfield code="a">GARG, R. K.</subfield>
  </datafield>
  <datafield tag="245" ind1=" " ind2=" ">
    <subfield code="a">Marketing Management : Text and Cases.</subfield>
  </datafield>
  <datafield tag="260" ind1=" " ind2=" ">
    <subfield code="a">New Delhi,</subfield>
    <subfield code="b">Anmol,</subfield>
    <subfield code="c">2012.</subfield>
  </datafield>
  <datafield tag="300" ind1=" " ind2=" ">
    <subfield code="a">xvi, 302p.: ill.; table</subfield>
    <subfield code="b">Index</subfield>
    <subfield code="c">24cm.</subfield>
  </datafield>
  <datafield tag="856" ind1=" " ind2=" ">
    <subfield code="y">Access Online Book</subfield>
    <subfield code="f">Marketing Management</subfield>
    <subfield code="d">www.anmolpublications.com</subfield>
  </datafield>
  <datafield tag="942" ind1=" " ind2=" ">
    <subfield code="2">ddc</subfield>
    <subfield code="c">BKS</subfield>
  </datafield>
  <datafield tag="999" ind1=" " ind2=" ">
    <subfield code="c">2682</subfield>
    <subfield code="d">2682</subfield>
  </datafield>
  <datafield tag="952" ind1=" " ind2=" ">
    <subfield code="r">2025-05-26 14:40:27</subfield>
    <subfield code="l">0</subfield>
    <subfield code="o">658.8 GAR</subfield>
    <subfield code="p">00000010096</subfield>
    <subfield code="v">105000.00</subfield>
    <subfield code="w">2025-05-26</subfield>
    <subfield code="y">BKS</subfield>
    <subfield code="1">0</subfield>
    <subfield code="2">ddc</subfield>
    <subfield code="4">0</subfield>
    <subfield code="7">0</subfield>
    <subfield code="0">0</subfield>
    <subfield code="a">CBEML</subfield>
    <subfield code="b">CBEML</subfield>
    <subfield code="c">GEN</subfield>
    <subfield code="d">2017-10-27</subfield>
    <subfield code="g">35000.00</subfield>
  </datafield>
  <datafield tag="952" ind1=" " ind2=" ">
    <subfield code="r">2025-12-12 09:12:18</subfield>
    <subfield code="l">1</subfield>
    <subfield code="o">658.8 GAR</subfield>
    <subfield code="p">00000010097</subfield>
    <subfield code="q">2026-01-09</subfield>
    <subfield code="s">2025-12-12</subfield>
    <subfield code="v">105000.00</subfield>
    <subfield code="w">2025-05-26</subfield>
    <subfield code="y">BKS</subfield>
    <subfield code="1">0</subfield>
    <subfield code="2">ddc</subfield>
    <subfield code="4">0</subfield>
    <subfield code="7">0</subfield>
    <subfield code="0">0</subfield>
    <subfield code="a">CBEML</subfield>
    <subfield code="b">CBEML</subfield>
    <subfield code="c">GEN</subfield>
    <subfield code="d">2017-10-27</subfield>
    <subfield code="g">35000.00</subfield>
  </datafield>
  <datafield tag="952" ind1=" " ind2=" ">
    <subfield code="r">2025-05-26 14:40:27</subfield>
    <subfield code="l">0</subfield>
    <subfield code="o">658.8 GAR</subfield>
    <subfield code="p">00000010098</subfield>
    <subfield code="v">105000.00</subfield>
    <subfield code="w">2025-05-26</subfield>
    <subfield code="y">BKS</subfield>
    <subfield code="1">0</subfield>
    <subfield code="2">ddc</subfield>
    <subfield code="4">0</subfield>
    <subfield code="7">0</subfield>
    <subfield code="0">0</subfield>
    <subfield code="a">CBEML</subfield>
    <subfield code="b">CBEML</subfield>
    <subfield code="c">GEN</subfield>
    <subfield code="d">2017-10-27</subfield>
    <subfield code="g">35000.00</subfield>
  </datafield>
  <datafield tag="952" ind1=" " ind2=" ">
    <subfield code="r">2025-05-26 14:40:27</subfield>
    <subfield code="l">0</subfield>
    <subfield code="o">658.8 GAR</subfield>
    <subfield code="p">00000010099</subfield>
    <subfield code="v">105000.00</subfield>
    <subfield code="w">2025-05-26</subfield>
    <subfield code="y">BKS</subfield>
    <subfield code="1">0</subfield>
    <subfield code="2">ddc</subfield>
    <subfield code="4">0</subfield>
    <subfield code="7">0</subfield>
    <subfield code="0">0</subfield>
    <subfield code="a">CBEML</subfield>
    <subfield code="b">CBEML</subfield>
    <subfield code="c">GEN</subfield>
    <subfield code="d">2017-10-27</subfield>
    <subfield code="g">35000.00</subfield>
  </datafield>
  <datafield tag="952" ind1=" " ind2=" ">
    <subfield code="r">2025-05-26 14:40:27</subfield>
    <subfield code="l">0</subfield>
    <subfield code="o">658.8 GAR</subfield>
    <subfield code="p">00000010100</subfield>
    <subfield code="v">105000.00</subfield>
    <subfield code="w">2025-05-26</subfield>
    <subfield code="y">BKS</subfield>
    <subfield code="1">0</subfield>
    <subfield code="2">ddc</subfield>
    <subfield code="4">0</subfield>
    <subfield code="7">0</subfield>
    <subfield code="0">0</subfield>
    <subfield code="a">CBEML</subfield>
    <subfield code="b">CBEML</subfield>
    <subfield code="c">GEN</subfield>
    <subfield code="d">2017-10-27</subfield>
    <subfield code="g">35000.00</subfield>
  </datafield>
</record>
